书目信息 |
| 题名: |
感动郑铁
|
|
| 作者: | 杨建祥 , 张军邦 主编 | |
| 分册: | ||
| 出版信息: | 北京 中国青年出版社 2008.05 |
|
| 页数: | 255页 | |
| 开本: | 24cm | |
| 丛书名: | ||
| 单 册: | ||
| 中图分类: | I253.6 , K826.16=76 | |
| 科图分类: | ||
| 主题词: | 报告文学--中国--现代--选集 , 铁路局--先进工作者--生平事迹--郑州 , 先进工作者 , 报告文学 , 铁路局 | |
| 电子资源: | ||
| ISBN: | 978-7-5006-8202-8 | |
| 000 | 01174nam0 2200325 450 | |
| 001 | 1250877721 | |
| 005 | 20120108140905.32 | |
| 010 | @a978-7-5006-8202-8@dCNY45.00 | |
| 090 | @aI253.6@byjx | |
| 096 | @aI253@byjx | |
| 100 | @a20090414d2008 em y0chiy50 ea | |
| 101 | 0 | @achi |
| 102 | @aCN@b110000 | |
| 105 | @aa z 000zd | |
| 200 | 1 | @a感动郑铁@b专著@e走近郑州铁路局“杰出新闻人物”@f杨建祥,张军邦主编@9gan dong zheng tie |
| 210 | @a北京@c中国青年出版社@d2008.05 | |
| 215 | @a255页@c彩图@d24cm | |
| 330 | @a本书收录了反映“感动郑铁·杰出新闻人物”动人事迹的新闻报道、电视专题片解说词和颁奖晚会主持词。同时,还附有开展活动的纪实文章、成功经验、精彩图片等。 | |
| 517 | 1 | @a走近郑州铁路局“杰出新闻人物”@9zou jin zheng zhou tie lu ju “ jie chu xin wen ren wu ” |
| 606 | 0 | @a报告文学@y中国@z现代@j选集 |
| 606 | 0 | @a铁路局@x先进工作者@x生平事迹@y郑州 |
| 606 | 0 | @a先进工作者 |
| 606 | 0 | @a报告文学 |
| 606 | 0 | @a铁路局 |
| 690 | @aI253.6@v4 | |
| 690 | @aK826.16=76@v4 | |
| 701 | 0 | @a杨建祥@4主编@9yang jian xiang |
| 701 | 0 | @a张军邦@4主编@9zhang jun bang |
| 801 | 0 | @aCN@b大连网信软件有限公司图书馆·11@c20120108 |
| 905 | @aZUCC@dI253.6@eY2071 | |
| 感动郑铁:走近郑州铁路局“杰出新闻人物”/杨建祥,张军邦主编.-北京:中国青年出版社,2008.05 |
| 255页:彩图;24cm |
| ISBN 978-7-5006-8202-8:CNY45.00 |
| 本书收录了反映“感动郑铁·杰出新闻人物”动人事迹的新闻报道、电视专题片解说词和颁奖晚会主持词。同时,还附有开展活动的纪实文章、成功经验、精彩图片等。 |
| ● |
| 相关链接 |
|
|
|
正题名:感动郑铁
索取号:I253.6/Y2071
 
预约/预借
| 序号 | 登录号 | 条形码 | 馆藏地/架位号 | 状态 | 备注 |
| 1 | 480896 | 204808967 | 文学库108/108文学库 68排6列4层/ [索取号:I253.6/Y2071] | 在馆 | |
| 2 | 480897 | 204808976 | 文学库108/108文学库 68排6列4层/ [索取号:I253.6/Y2071] | 在馆 | |
| 3 | 480898 | 204808985 | 文学库108/108文学库 68排6列4层/ [索取号:I253.6/Y2071] | 在馆 |